25 Plus grandes villes d'Italie (avec une carte) - Statistiques

Statistiques générales
  • Ce quiz a été pris 174 fois
    11 depuis la dernière actualisation
  • Le résultat moyen est 17 sur 25
Réponses sur la Carte
Les réponses sont colorées sur une échelle allant du rouge au vert en fonction du pourcentage des utilisateurs qui les ont devinées à leur premier essai. Vous pouvez retrouver ces pourcentages ci-dessous.
 
Statistiques - réponses
Ville Population % Correct
Florence 360 mille
100%
Milan 1,3 million
100%
Palerme 620 mille
100%
Turin 860 mille
100%
Venise 250 mille
100%
Bologne 390 mille
91%
Catane 300 mille
91%
Gênes 560 mille
91%
Naples 910 mille
91%
Rome 2,7 million
91%
Bari 320 mille
82%
Messine 220 mille
73%
Trieste 200 mille
73%
Parme 200 mille
64%
Modène 185 mille
55%
Padoue 210 mille
55%
Vérone 260 mille
55%
Brescia 200 mille
45%
Ravenne 155 mille
45%
Livourne 150 mille
36%
Reggio di Calabria 170 mille
36%
Tarente 185 mille
36%
Perugia 160 mille
27%
Prato 200 mille
27%
Reggio nell'Emilia 170 mille
9%
Aucun quiz correspondant
Distribution des résultats
% des personnes avec chaque résultat
Percentile par nombre de réponses
Votre historique - résultats
Vous n’avez pas pris ce quiz depuis la dernière actualisation